Programming Massively Parallel Processors : A Hands-on Approach

Na minha lista:
Detalhes bibliográficos
Main Authors: Kirk, David B. (Author), Hwu, Wen-mei W. (Author)
Formato: Livro
Idioma:inglês
Publicado em: Amsterdam : Morgan Kaufmann Publishers, 2010
Assuntos:
Tags: Adicionar Tag
Sem tags, seja o primeiro a adicionar uma tag!

MARC

LEADER 00000nam a22000003a 4500
001 stu213945
005 20150617230129.4
008 101022s2010----ne------------------eng-d
020 |a 978-0-12-381472-2 
040 |a STU  |b slo 
041 0 |a eng 
044 |a ne 
100 1 |a Kirk, David B.  |4 aut 
245 1 |a Programming Massively Parallel Processors :  |b A Hands-on Approach 
260 |a Amsterdam :  |b Morgan Kaufmann Publishers,  |c 2010 
300 |a 258 s 
650 7 |a paralelné procesory  |2 stusub 
700 1 |a Hwu, Wen-mei W.  |4 aut 
996 |b I6186  |c I*6186  |l II680  |s A  |a 24  |w stu213945_0001